01178nam a2200241Ia 4500001001100000003001000011008004100021040002500062041001300087100002900100245012400129250001100253260006600264300001200330500012200342501011400464520012200578650001900700942000700719957000600726999004200732952016200774L340-24086IT-CnALBA170116s9999||||xx |||||||||||||| ||und|| aIT-CnALBAcIT-CnALBA aITALIANO aANDRIOLI VIRGILIO, PROF. 0aLEZIONI DI DIRITTO PROCESSUALE CIVILE. PARTE I. INTRODUZIONE. LEGGE PROCESSUALE. LA GIURISDIZIONE. L'AZIONE. LE PARTI.  a2a ed. aNAPOLIbJOVENE EUGENIO E NICOLA. LIBR. c1961 [1° Ed.: n.d.] a470 p.  a... GLI ATTI PROCESSUALI. ORGANI GIUDIZIARI. POTERI DEL GIUDICE. ATTI IN GENERE. ATTI DI PARTE. NULLITA' DEGLI ATTI.  aSocietà San Paolo EM - Piazza San Paolo, 14 - 12051 ALBA (CN) (non commercial uses only) ® Copyright 2017 a... GLI ATTI PROCESSUALI. ORGANI GIUDIZIARI. POTERI DEL GIUDICE. ATTI IN GENERE. ATTI DI PARTE. NULLITA' DEGLI ATTI.  aDIRITTO CIVILE cBK 71 a28833bNOg Copie: 1 c283174d283174 0010406L_3402408671aALBAbALBAd2017-01-16l0oL340-24086r2017-01-16 00:00:00w2017-01-16yBKz(data import: 16 gennaio 2017) - By Epidotti, Vaglietti.